Far from Fifty-Fifty: Legal Measures and the Relative Lack of Women in Powerful Decision-Making Positions in Germany’s Broadcasting Sector (Record no. 316208)
[ view plain ]
| 000 -LEADER | |
|---|---|
| fixed length control field | 00553nam a2200157Ia 4500 |
| 008 - FIXED-LENGTH DATA ELEMENTS--GENERAL INFORMATION | |
| fixed length control field | 170224s9999 xx 000 0 und d |
| 100 ## - MAIN ENTRY--PERSONAL NAME | |
| Personal name | Romy Fröhlich |
| 245 ## - TITLE STATEMENT | |
| Title | Far from Fifty-Fifty: Legal Measures and the Relative Lack of Women in Powerful Decision-Making Positions in Germany’s Broadcasting Sector |
| 245 ## - TITLE STATEMENT | |
| Statement of responsibility, etc | Romy Fröhlich & Sabine Baudisch |
| 260 ## - PUBLICATION, DISTRIBUTION, ETC. (IMPRINT) | |
| Name of publisher, distributor, etc | Journal of Broadcasting & Electronic Media |
| 260 ## - PUBLICATION, DISTRIBUTION, ETC. (IMPRINT) | |
| Date of publication, distribution, etc | June |
| 300 ## - PHYSICAL DESCRIPTION | |
| Extent | 60:2, Pages: 305-330 |
| 500 ## - GENERAL NOTE | |
| General note | June |
| 650 ## - SUBJECT ADDED ENTRY--TOPICAL TERM | |
| General subdivision | Communication Arts |
| 650 ## - SUBJECT ADDED ENTRY--TOPICAL TERM | |
| General subdivision | Multimedia Arts |
| Withdrawn status | Lost status | Damaged status | Home library | Current library | Date acquired | Total Checkouts | Date last seen | Price effective from | Koha item type |
|---|---|---|---|---|---|---|---|---|---|
| College Library | College Library | 02/24/2017 | 02/24/2017 | 02/24/2017 | Periodicals |